| 000 | 00751nam a2200193 i 4500 | ||
|---|---|---|---|
| 001 | 40505 | ||
| 003 | ES-MaACL | ||
| 005 | 20250718234741.0 | ||
| 007 | t| | ||
| 008 | 030306s1976 sp ||||1| spa d | ||
| 100 | 1 |
_aCardoso, Ciro Flamarión S. _935197 |
|
| 245 | 1 | 4 |
_aLos métodos de la historia _b: introducción a los problemas, métodos y técnicas de la historia demográfica, económica y social / _cCiro Flamarion S. Cardoso, Héctor Pérez Brignoli ; presentación de Josep Fontana. |
| 260 |
_aBarcelona : _bGrijalbo, _c[1976] |
||
| 300 |
_a432 p. ; _c20 cm. |
||
| 700 | 1 |
_aPérez Brignoli, Héctor. _990678 |
|
| 700 | 1 |
_aFontana, Josep, _d1931-2018 _951600 |
|
| 852 |
_aES-MaACL _jA-6360 _bR.95384 |
||
| 999 |
_c40505 _d40505 |
||